Former Governor US Presidents Quiz Stats

 Plays Quiz Updated Dec 21, 2018

     
Support Sporcle.
Go Orange.
Score 0/17 Timer 02:00
1 Play Today
State Governed President % Correct
TexasGeorge W. Bush
94.6%
ArkansasBill Clinton
93.5%
New YorkFranklin Delano Roosevelt
89.8%
New YorkTheodore Roosevelt
88.8%
GeorgiaJimmy Carter
86.8%
CaliforniaRonald Reagan
86.7%
VirginiaThomas Jefferson
81%
New JerseyWoodrow Wilson
70.9%
VirginiaJames Monroe
67.8%
State Governed President % Correct
TennesseeAndrew Johnson
67.8%
New YorkGrover Cleveland
63.5%
MassachusettsCalvin Coolidge
62.4%
OhioWilliam McKinley
55.1%
TennesseeJames K. Polk
54.4%
VirginiaJohn Tyler
47.3%
New YorkMartin Van Buren
46.5%
OhioRutherford B. Hayes
44.3%

From the Vault

Clickably Spicy

by Mimbleton

Warning: This quiz might be too hot to handle.
Remove Ads.
Support Sporcle.
Get the best of Sporcle when you Go Orange. This ad-free experience offers more features, more stats, and more fun while also helping to support Sporcle. Thank you for becoming a member.

Show Comments

Extras

Top Quizzes Today


Score Distribution

Your Account Isn't Verified!

In order to create a playlist on Sporcle, you need to verify the email address you used during registration. Go to your Sporcle Settings to finish the process.

Report this User

Report this user for behavior that violates our Community Guidelines.

Details: